| 000 | 00438nam a2200157 i 4500 | ||
|---|---|---|---|
| 001 | 60014 | ||
| 003 | ES-MaACL | ||
| 007 | t| | ||
| 008 | 031031s1903 fr ||||1| fre d | ||
| 100 | 1 |
_aErnest-Charles, J. _947414 |
|
| 245 | 1 | 4 |
_aLes samedis littéraires / _cJ. Ernest-Charles. |
| 260 |
_aParís : _b[s.n., _c1903] ( _eTours : _fDeslis Frères) |
||
| 300 |
_a5 v. ; _c19 cm. |
||
| 500 | _aFalta el v.2. | ||
| 852 |
_aES-MaACL _jG-14647-50 |
||
| 999 |
_c60014 _d60014 |
||